Obchodní příležitosti ve světě. 2 Veřejné zakázky financované Světovou bankou

Vývojový proces projektov na rozvoj ekonomiky krajiny, financovaných Svetovou bankou. Projektový cyklus. Identifikácia projektu - prvá fáza projektového cyklu. Príprava projektu. Ocenenie projektu. Prejednávanie a schválenie. Realizácia a dohľad. Vyhodnotenie projektu.

Saved in:
Bibliographic Details
Main Author: Franěk, J.T
Format: Book Chapter
Language:Czech
Subjects:
Tags: Add Tag
No Tags, Be the first to tag this record!

MARC

LEADER 00000naa a2200000 4500
001 r019145
005 20221205102427.8
041 0 |a cze 
044 |a CZ 
245 1 0 |a Obchodní příležitosti ve světě. 2  |b Veřejné zakázky financované Světovou bankou  |c J.T. Franěk 
520 |a Vývojový proces projektov na rozvoj ekonomiky krajiny, financovaných Svetovou bankou. Projektový cyklus. Identifikácia projektu - prvá fáza projektového cyklu. Príprava projektu. Ocenenie projektu. Prejednávanie a schválenie. Realizácia a dohľad. Vyhodnotenie projektu. 
610 2 0 |a Svetová banka 
610 2 0 |a projekty 
610 2 0 |a financovanie 
610 2 0 |a pôžičky zahraničné 
610 2 0 |a úver investičný 
610 2 0 |a financovanie projektové 
610 2 0 |a investície rozvojové 
100 1 |a Franěk, J.T.